Crash Bandicoot - Personnages - Statistiques

Statistiques générales
  • Ce quiz a été pris 135 fois
    131 depuis la dernière actualisation
  • Le résultat moyen est 20 sur 61
Statistiques - réponses
Première Apparition Personnage % Correct
Crash
99%
Cortex
93%
Crash Bandicoot 2 : Cortex Strikes Back Coco
88%
Tiny
74%
Dingodile
73%
Crash Bandicoot Aku-Aku
70%
N.Gin
70%
Uka-Uka
68%
Polar
64%
Ripper Roo
63%
Papu Papu
62%
N.Brio
57%
N.Tropy
57%
Pura
57%
Crash Bandicoot : La Vengeance de Cortex Crunch
53%
Pinstripe
52%
Koala Kong
50%
Komodo Joe
45%
Crash bandicoot : Fusion Nina
43%
Faux Crash
41%
Tawna
41%
Komodo Moe
38%
N.Oxide
34%
Crash Bandicoot 2 : N-Tranced N.Trance
34%
Crash Bash Rilla Roo
29%
Zam
25%
Zem
25%
Nash
24%
Isabella
22%
Pasadena
22%
Geary
21%
Krunk
19%
Megumi
19%
Norm
18%
Wa-Wa
18%
Crash Tag Team Racing Chick
17%
Liz
17%
Crash Team Racing Ami
16%
Crash Nitro Kart Empereur Velo XXVII
16%
Py-Ro
16%
Stew
16%
Crash Bandicoot 3 : Warped Bébé T.Rex
15%
Crash Bandicoot XS MegaMix
15%
Victor
15%
Lo-Lo
14%
Moritz
13%
Yaya Panda
13%
Hasty
12%
Willie Wumpa
12%
Crash Team Racing : Nitro-Fueled Assistant de Laboratoire
11%
Rok-Ko
11%
Penta Pinguin
9%
Crash TwinSanity Crash Maléfique
8%
Ernest
8%
Roi Poulet
8%
Crash Boom Bang Vicomte
8%
Madame Amberley
6%
Tikimon
6%
Caisse Point de Contrôle
5%
Rusty Walrus
4%
Ebeneezer
3%
Aucun quiz correspondant
Distribution des résultats
% des personnes avec chaque résultat
Percentile par nombre de réponses
Votre historique - résultats
Vous n’avez pas pris ce quiz depuis la dernière actualisation